| 000 | 00622nam a22001937a 4500 | ||
|---|---|---|---|
| 999 |
_c180581 _d180581 |
||
| 005 | 20210812104233.0 | ||
| 010 | _aENG-129831 | ||
| 020 |
_c1195.00 _a978-0-19-948884-1 |
||
| 035 | _aEN-113363 | ||
| 037 | _bDBAD/PUB | ||
| 082 | _a709.54 | ||
| 100 | _aMaheshwari, Malvika | ||
| 245 |
_aArt Attack: _bViolence and Offence-Taking In India/ _cMalvika Maheshwari |
||
| 250 | _a2019 | ||
| 260 |
_bOxford University press _c2018 _aNew Delhi |
||
| 270 |
_a2/11 Ground floor,Ansari Road,Daryaganj _bNew Delhi _e110002 |
||
| 300 |
_a372 p. _c21cm (hbk) _bBibiliography, Index |
||
| 942 |
_2ddc _cEN _h709.54 _kMAH |
||